[Event "Federacion op 1st"]
[Site "Federacion"]
[Date "2017.11.10"]
[Round "1"]
[White "Izquierdo, Sebastian"]
[Black "Perez, Federico Agustin"]
[Result "1-0"]
[WhiteElo "2021"]
[BlackElo "1548"]
[PlyCount "111"]
[EventDate "2017.11.10"]
[EventType "swiss"]
[EventRounds "6"]
[EventCountry "ARG"]
[SourceTitle "EXT 2019"]
[Source "ChessBase"]
[SourceDate "2018.10.10"]
[SourceVersion "1"]
[SourceVersionDate "2018.10.10"]
[SourceQuality "1"]

1. d4 d5 2. Nf3 Nf6 3. g3 g6 4. Bg2 Bg7 5. 0-0 0-0 6. c4 dxc4 7. Na3 Be6 8. Ng5 Bc8 9. Nxc4 c6 10. e3 Nbd7 11. Qb3 e6 12. Nd6 Nd5 13. Nge4 N7b6 14. a4 a5 15. Nxc8 Rxc8 16. Nc5 Rb8 17. Bd2 Nb4 18. Bxb4 axb4 19. Qxb4 Nd5 20. Qd2 Qd6 21. Rac1 Rfd8 22. Nd3 Ne7 23. Qc2 Nd5 24. Qb3 Bf8 25. Rfd1 Qc7 26. Rd2 Ra8 27. Rdc2 Ra6 28. Bxd5 exd5 29. Nc5 Bxc5 30. Rxc5 Qe7 31. a5 Rda8 32. Qc3 Qd8 33. b4 R6a7 34. b5 Rxa5 35. bxc6 bxc6 36. Rxa5 Rxa5 37. Qxc6 Kg7 38. Qc7 Qxc7 39. Rxc7 Kf6 40. Kg2 h5 41. h4 Ra6 42. Kf3 Ke6 43. Rc2 f5 44. Kf4 Kf6 45. Rc8 Rd6 46. Rc7 Re6 47. Rd7 Re4+ 48. Kf3 Ke6 49. Ra7 Kf6 50. Ra6+ Kf7 51. Rd6 Re6 52. Rxd5 Kf6 53. Ra5 Rd6 54. Kf4 Re6 55. f3 Rd6 56. Rc5 1-0

[Event "URU-chTA"]
[Site "Uruguay"]
[Date "2017.07.09"]
[Round "5.3"]
[White "Kimelman, Gabriel"]
[Black "Izquierdo, Sebastian"]
[Result "1/2-1/2"]
[WhiteElo "2252"]
[BlackElo "2026"]
[PlyCount "69"]
[EventDate "2017.07.07"]
[EventType "team-swiss"]
[EventRounds "5"]
[EventCountry "URU"]
[SourceTitle "EXT 2018"]
[Source "ChessBase"]
[SourceDate "2017.10.13"]
[SourceVersion "1"]
[SourceVersionDate "2017.10.13"]
[SourceQuality "1"]
[WhiteTeam "CBR"]
[BlackTeam "Mercedes"]
[WhiteTeamCountry "URU"]
[BlackTeamCountry "URU"]

1. e4 d5 2. exd5 Nf6 3. d4 Nxd5 4. Nf3 Bg4 5. Be2 e6 6. 0-0 Be7 7. Nc3 0-0 8. Ne4 Nc6 9. c3 Bf5 10. Bd3 h6 11. Re1 Bh7 12. Qe2 Nf6 13. Bf4 Nxe4 14. Bxe4 Bxe4 15. Qxe4 Bd6 16. Rad1 Bxf4 17. Qxf4 Re8 18. h3 Re7 19. Rd3 Rd7 20. Rde3 Qf6 21. Qg4 Rd5 22. Nh2 Qf5 23. Qh4 Qh5 24. Qxh5 Rxh5 25. Ng4 Rd5 26. a3 Rad8 27. Ne5 Nxe5 28. Rxe5 Rxe5 29. Rxe5 b6 30. Kf1 Kf8 31. Ke2 Ke7 32. Kd3 c5 33. Re4 f5 34. Re5 Kd6 35. Ke3 1/2-1/2

[Event "URU-chTA"]
[Site "Uruguay"]
[Date "2017.07.08"]
[Round "3.3"]
[White "Izquierdo, Sebastian"]
[Black "Muniz, Gonzalo"]
[Result "1-0"]
[WhiteElo "2026"]
[BlackElo "1964"]
[PlyCount "91"]
[EventDate "2017.07.07"]
[EventType "team-swiss"]
[EventRounds "5"]
[EventCountry "URU"]
[SourceTitle "EXT 2018"]
[Source "ChessBase"]
[SourceDate "2017.10.13"]
[SourceVersion "1"]
[SourceVersionDate "2017.10.13"]
[SourceQuality "1"]
[WhiteTeam "Mercedes"]
[BlackTeam "Piratas Tablero"]
[WhiteTeamCountry "URU"]
[BlackTeamCountry "URU"]

1. d4 Nf6 2. Nf3 g6 3. g3 Bg7 4. Bg2 0-0 5. 0-0 c6 6. c4 d6 7. Nc3 Qa5 8. Bd2 Qa6 9. b3 d5 10. c5 b6 11. b4 Bf5 12. Ne5 bxc5 13. bxc5 Nfd7 14. f4 Nxe5 15. fxe5 Qc4 16. e3 Bd3 17. Rf2 Nd7 18. Rc1 Qa6 19. Bh3 f5 20. Bf1 Bxf1 21. Qxf1 Qxf1+ 22. Rfxf1 Rfb8 23. Rb1 Bh6 24. Rb3 Kf7 25. Kf2 Ke8 26. Rfb1 Rxb3 27. axb3 Kd8 28. b4 a6 29. Ra1 e6 30. b5 cxb5 31. Nxb5 Kc8 32. Nd6+ Kc7 33. Rb1 Rb8 34. Ba5+ Kc6 35. Rxb8 Nxb8 36. Nf7 Bf8 37. Ng5 Kd7 38. Nxh7 Be7 39. h4 Nc6 40. Bc3 a5 41. Ke2 Kc7 42. Kd2 Kb7 43. Nf6 Kc7 44. h5 Bxf6 45. exf6 gxh5 46. f7 1-0